000 00452nam a2200193Ia 4500
003 OSt
005 20260212114222.0
008 210210b1983 xxu||||| |||| 00| 0 eng d
040 _aAL
_c
041 _aEnglish
082 _a823.912 HUXB
100 _aAldous Huxley
_934752
245 _aBrave new world
260 _aLondon
_bGranada Publishing
_c1983
300 _a208p
690 _aEnglish Fiction
_934753
906 _a041490
942 _2ddc
_cBK
999 _c91506
_d91506